Statistics for Name the snake

Click here to take the quiz!

General Stats

  • This quiz has been taken 22 times
  • The average score is 7 of 10

Answer Stats

Answer% Correct
King Cobra
100%
Mozambique Spitting Cobra
100%
Rattlesnake
94%
Black Mamba
89%
Anaconda
83%
Inland Taipan
78%
Bush Viper
67%
Death Adder
50%
Rinkhals
11%
Tiger Snake
11%

Score Distribution

Percentile by Number Answered

Percent of People with Each Score

Your Score History

You have not taken this quiz